• 首页
  • 本馆介绍
  • 公告通知
  • 最新文献
  • 馆藏检索
  • 电子资源
  • 读者导购
  • 参考咨询
  • 我的图书馆
  • 登录
  • 详细信息显示
  • 放入我的书架
  • 预约/预借图书
  • 作者相关作品
  • 分类相关作品
  • 丛书相关作品
  • 出版社相关作品

书目信息

  • 表格格式
  • 工作单格式
  • 卡片格式
题名:
城市应对气候变化管理体系与减排机制
    
 
作者: 袁惊柱 , 谭秋成 编
分册:  
出版信息: 北京   科学技术文献出版社  2018重印
页数: 127页
开本: 24cm
丛书名: 国家可持续发展实验区应对气候变化能力建设培训教材系列丛书
单 册:
中图分类: P463.3 , X511
科图分类:
主题词: 城市气候--cheng shi qi hou--气候变化--管理体系--研究 , 二氧化碳--er yang hua tan--排气--研究
电子资源:
ISBN: 978-7-5189-0025-1
000 01516nam 2200337 45
001 012001002466
005 20140101110638.0
010    @a978-7-5189-0025-1@dCNY38.00
099    @aCAL 012016025233
100    @a20160115d2015 em y0chiy50 ea
101 0  @achi
102    @aCN@b110000
105    @aak a 000yy
106    @ar
200 1  @a城市应对气候变化管理体系与减排机制@Acheng shi ying dui qi hou bian hua guan li ti xi yu jian pai ji zhi@f袁惊柱, 谭秋成编
210    @a北京@c科学技术文献出版社@d2018重印
215    @a127页@c图@d24cm
225 2  @a国家可持续发展实验区应对气候变化能力建设培训教材系列丛书@Aguo jia ke chi xu fa zhan shi yan qu ying dui qi hou bian hua neng li jian she pei xun jiao cai xi lie cong shu
300    @a中国清洁发展机制基金赠款项目资助 (项目编号: 1214073)
320    @a有书目
330    @a本书主要以政府间气候变化专门委员会系列报告为依托资料,系统介绍了城市居民、交通、工业等各部门的排放系数和排放来源、城市在减缓气候变化管理和适应气候变化管理上的做法、各种减排机制以及发达国家和发展中国家的具体实施案例等。
333    @a适用于城市气候管理体系研究人员及相关读者。
410  0 @12001 @a国家可持续发展实验区应对气候变化能力建设培训教材系列丛书
606 0  @a城市气候@Acheng shi qi hou@x气候变化@x管理体系@x研究
606 0  @a二氧化碳@Aer yang hua tan@x排气@x研究
690    @aP463.3@v5
690    @aX511@v5
701  0 @a袁惊柱@Ayuan jing zhu@4编
701  0 @a谭秋成@Atan qiu cheng@4编
801  0 @aCN@b北京卓展@c20191020
905    @b1203543-6@dP463.3@e152@f4
    
    城市应对气候变化管理体系与减排机制/袁惊柱, 谭秋成编.-北京:科学技术文献出版社,2018重印
    127页:图;24cm.-(国家可持续发展实验区应对气候变化能力建设培训教材系列丛书)
    中国清洁发展机制基金赠款项目资助 (项目编号: 1214073).-使用对象:适用于城市气候管理体系研究人员及相关读者。
    
    ISBN 978-7-5189-0025-1:CNY38.00
    本书主要以政府间气候变化专门委员会系列报告为依托资料,系统介绍了城市居民、交通、工业等各部门的排放系数和排放来源、城市在减缓气候变化管理和适应气候变化管理上的做法、各种减排机制以及发达国家和发展中国家的具体实施案例等。
●
相关链接 在E读中查询图书 在五车中查询图书 在当当中查询图书 在豆瓣中查询图书


正题名:城市应对气候变化管理体系与减排机制     索取号:P463.3/152         预约/预借

序号 登录号 条形码 馆藏地/架位号 状态 备注
1 1203543   212035439   第二样本阅览室/ [索取号:P463.3/152] 在馆    
2 1203544   212035448   第三借阅区/ [索取号:P463.3/152] 在馆    
3 1203545   212035457   第三借阅区/ [索取号:P463.3/152] 在馆    
4 1203546   212035466   第三借阅区/ [索取号:P463.3/152] 在馆    
唐山师范学院图书馆 欢迎您!
大连网信软件有限公司© 版权所有